Lập trình hướng đối tượng với Java
Enregistré dans:
| Auteur principal: | |
|---|---|
| Format: | Livre |
| Langue: | Undetermined |
| Publié: |
Hà Nội
Khoa học Kỹ thuật
2005
|
| Sujets: | |
| Tags: |
Ajouter un tag
Pas de tags, Soyez le premier à ajouter un tag!
|
| Thư viện lưu trữ: | Trung tâm Học liệu Trường Đại học Cần Thơ |
|---|
| LEADER | 00663nam a2200205Ia 4500 | ||
|---|---|---|---|
| 001 | CTU_106425 | ||
| 008 | 210402s9999 xx 000 0 und d | ||
| 020 | |c 50000 | ||
| 082 | |a 005.133 | ||
| 082 | |b B105 | ||
| 100 | |a Đoàn, Văn Ban | ||
| 245 | 0 | |a Lập trình hướng đối tượng với Java | |
| 245 | 0 | |c Đoàn Văn Ban | |
| 260 | |a Hà Nội | ||
| 260 | |b Khoa học Kỹ thuật | ||
| 260 | |c 2005 | ||
| 650 | |a Java (computer program language),Object-oriented programming (computer science) | ||
| 904 | |i Năm, Hiếu (sửa) | ||
| 910 | |a Mất MOL.02866 | ||
| 980 | |a Trung tâm Học liệu Trường Đại học Cần Thơ | ||